MDQL
is popping MORE tags! Check the
thread
!
Quizzes
Events
Quiz Creation
Community
Videos
Private Events
Remove Ads
Sign In
Join for FREE
Feedback
Dark Mode
Quiz Categories
Sports
Geography
Music
Movies
Television
Just For Fun
Miscellaneous
History
Literature
Language
Science
Gaming
Entertainment
Religion
Holiday
For Kids
Quiz Lab
Recent
Popular Today
Quiz Kudos Today
Editor Picks
Curator Picks
Quizzes by...
Day
Popularity
Type
Ratings
Length
Year
Community
Subscriptions
Recent Discussions
Orange Saloon
Badges
Playlists
Quests
Create
Leaderboards
Showdown
Live 5
Trivia Bingo
Activity
Puzzle Library
Sporcle Events
Private Events
Virtual Trivia
Globe League
Become a Host
Pub Owners
SporcleCon
Opinionation
Our Games
Videos
Blog
Mobile Apps
Partnerships
Remove Ads and Go Orange
Feedback
Geography
Country
Landmarks
City
State
Population
World
Capital
Continent
Flags
Europe
Africa
Asia
South America
North America
Oceania
Border
Canada
United Kingdom
Topography
United States
Geography
Country
Landmarks
City
State
Population
World
Capital
Continent
Flags
Europe
Africa
Asia
South America
North America
Oceania
Border
Canada
United Kingdom
Topography
United States
Random Quiz
Search Sporcle
×
Editor Pick
Editor Pick
Geography
City
Type in answers that appear in a list
Type in answers that appear in a list
Classic
Best Score? Go Orange.
Which City is Farther North? Stats
Can you identify which city is farther north?
By
miserlou22
6m
30 Questions
3,764 Plays
3,764 Plays
3,764 Plays
Comments
Comments
Give Quiz Kudos
Give Quiz Kudos
-
- Ratings
hide this ad
More Info
Forced Order
Answers have to be entered in order
Answers have to be entered in order
Wrong Answers
Some wrong answers will appear in red
Some wrong answers will appear in red
Replay
Link that replays current quiz
Next Quiz
Link to next quiz in quiz playlist
You Got
0%
They Got
Avg Score
55%
Avg Friend Score
Upgrade to see
Score Distribution
Jump to the score distribution portion of the page
Score
0/30
Timer
06:00
0
Plays Today
Choice 1
Answer
% Correct
Dublin, Ireland
???
79.4%
Shanghai, China
???
76.6%
Moscow, Russia
???
73.1%
Cairo, Egypt
???
70.1%
Bridgetown, Barbados
???
69%
Havana, Cuba
???
67.9%
Jerusalem, Israel
???
65.5%
Kinshasa, DRC
???
61.3%
Taipei, Taiwan
???
61.2%
Barcelona, Spain
???
60.3%
Manila, Philippines
???
59.9%
Helsinki, Finland
???
59.2%
Kuala Lumpur, Malaysia
???
57.6%
Boston, MA, USA
???
57.2%
Brussels, Belgium
???
55.9%
Choice 1
Answer
% Correct
Kampala, Uganda
???
55.4%
Tehran, Iran
???
54.8%
Suva, Fiji
???
50.7%
Toronto, Canada
???
50.6%
Houston, TX, USA
???
49.1%
Brisbane, Australia
???
49%
Rio De Janeiro, Brazil
???
48.4%
Rome, Italy
???
47.1%
Miami, FL, USA
???
46.1%
Lisbon, Portugal
???
44.6%
Pyongyang, North Korea
???
44.1%
Karachi, Pakistan
???
42.2%
Buenos Aires, Argentina
???
41.8%
Algiers, Algeria
???
39.5%
Washington, DC, USA
???
38.9%
Quiz Playlist
Details
Report
Send in Message
Add To Playlist
More Info:
Given two cities, identify which of the cities is farther north.
Classic:
Type in answers that appear in a list
Forced Order:
Answers have to be entered in order
Wrong Answers:
Some wrong answers will appear in red
Last Updated: Feb 16, 2017
Editor Pick in
Geography
Quiz Scoreboard
CHALLENGE
Sign Up to Join the Scoreboard
Show All
Scores
Hide
Comments
May contain spoilers
Recently Published
Street Fighter Characters
by Artimus82
Gaming
60s
9x9 Crossword: Cartoon Network
by jackfrog10
Miscellaneous
3m
College Basketball Coaching Resumes
by pancakes188
Sports
9m
More to Explore
Quiz From the Vault
Featured Blog Post
Where Did the Easter Bunny Come From?
hide this ad
You Might Also Like...
Tags
City Quiz
Today's Top Quizzes in Geography
Browse Geography
hide this ad
Today's Top Quizzes in City
Browse City
Top Contributed Quizzes in Geography
1
Countries of the World - No Outlines Minefield
2
Top 25 Cities of France on a map
3
Any capital of a 'B' country per Continent
4
Any capital of a 'C' country per Continent
5
Closest Countries to UK A-Z
6
Any capital of a 'D' country per Continent
7
5-to-1: US Geography No Hints
8
Any capital of an 'E' country per Continent
9
Find the US States - No Outlines
10
Any capital of an 'F' country per Continent
Explore More
Trending Topics
Marvel
Kpop
Crossword
Harry Potter
Anime
NBA
Disney
The Office
Country
NFL
Puzzle
Song
Soccer
WWE
Pokémon
hide this ad
More By:
miserlou22
Quiz
Plays
Rating
Category
Featured
Created
Which City is Farther North?
3,764
4.49
Geography
May 19, 2014
Non-Lyrical Vocal Hooks (Clips)
3,465
4.88
Music
Jul 16, 2014
Progressively Longer Song Titles (clips)
2,951
4.74
Music
Sep 7, 2014
Not Top 20 Hits (clips)
2,357
4.82
Music
Nov 24, 2014
First Top 40 Hits (clips)
1,353
4.75
Music
May 17, 2015
Go to Creator's Profile
Score Distribution
Quiz Creator Spotlight
miserlou22
Follow
Send a Message
Quizzes Created
-
Created Quiz Play Count
-
More By This Creator
Popular Quizzes Today
1
Find the US States - No Outlines Minefield
2
Find the Countries of Europe - No Outlines Minefield
3
The Countries of the World
4
Find the US States
5
Risky Map Clicking: Biggest States A-Z
6
US States
7
Popular People in 1961
8
Movies - When Are They Set?
More Geography Quizzes
Five-Letter European Countries
Published
Trending Quizzes
Risky Map Clicking: Least Populous States A-Z
Countries of the World: 200 Million BC
1-10 Letter G Words
Risky Map Clicking: Next State Alphabetically
Adjectives in 80s TV Shows
Recently Updated
Leaping Animals
pecheneg
Reality TV Shows (A-Z)
bhenderson79
Rickey Henderson's Hall of Fame Teammates
pecheneg
Champions League XIs: Arsenal
pecheneg
Quick Pick: Celebrities in WWE's Hall of Fame
aduchscher
A-Z Keypad Blitz II
pecheneg
Multiple Oscar Actors
pecheneg
Mystery Phrase Blitz: Oscar 'Best Actors'
pecheneg
F. Scott Fitzgerald Novels
LTH
Pick 3 Villains
ddd62291
Trending Topics
Marvel
NBA
Harry Potter
Crossword
Anime
Kpop
Disney
Song
Puzzle
Pokémon
WWE
The Office
Country
NFL
Soccer
Your Account Isn't Verified!
In order to create a playlist on Sporcle, you need to verify the email address you used during registration. Go to your
Sporcle Settings
to finish the process.
Report this User
Report this user for behavior that violates our
Community Guidelines
.
Details:
Send Report
Go to the Sporcle.com Mobile Site →
Comments